|
|
|
|
| LEADER |
00000nam0a2200000 4500 |
| 001 |
261767 |
| 005 |
20231101233607.0 |
| 035 |
|
|
|a (RuTPU)RU\TPU\book\284748
|
| 090 |
|
|
|a 261767
|
| 100 |
|
|
|a 20140527d1986 k y0rusy50 ca
|
| 101 |
0 |
|
|a rus
|
| 102 |
|
|
|a RU
|
| 105 |
|
|
|a a z 001zy
|
| 200 |
1 |
|
|a Процессы и аппараты технологии неорганических веществ
|f Уральский научно-исследовательский химический институт (УНИХИМ) ; под ред. Ю. Б. Смирнова , Л. Г. Ширинкина
|
| 210 |
|
|
|a Свердловск
|c Изд-во УНИхим
|d 1986
|
| 215 |
|
|
|a 160 с.
|c ил.
|
| 225 |
1 |
|
|a Труды Уральского научно-исследовательского химического института (УНИХИМ)
|v Вып. 62
|
| 320 |
|
|
|a Библиография в конце статей
|
| 606 |
1 |
|
|a Химическая технология неорганических веществ
|2 stltpush
|3 (RuTPU)RU\TPU\subj\73684
|9 86545
|
| 610 |
1 |
|
|a неорганические вещества
|
| 610 |
1 |
|
|a процессы
|
| 610 |
1 |
|
|a аппараты
|
| 610 |
1 |
|
|a гидродинамика
|
| 610 |
1 |
|
|a тепломассообмен
|
| 610 |
1 |
|
|a пылеулавливание
|
| 610 |
1 |
|
|a фильтрация
|
| 610 |
1 |
|
|a грануляция
|
| 610 |
1 |
|
|a сушка
|
| 610 |
1 |
|
|a технологические процессы
|
| 610 |
1 |
|
|a аппаратурное оформление
|
| 675 |
|
|
|a 661.2/.6
|v 3
|
| 702 |
|
1 |
|a Смирнов
|b Ю. Б.
|4 340
|
| 702 |
|
1 |
|a Ширинкин
|b Л. Г.
|4 340
|
| 712 |
0 |
2 |
|a Уральский научно-исследовательский химический институт (УНИХИМ)
|2 stltpush
|3 (RuTPU)RU\TPU\col\7502
|
| 801 |
|
1 |
|a RU
|b 63413507
|c 20140527
|
| 801 |
|
2 |
|a RU
|b 63413507
|c 20190520
|g RCR
|
| 942 |
|
|
|c BK
|